000 00677nam a2200181Ia 4500
008 130821s1922 ck gr spa
040 _aCo-BoUCM
_bspa
041 0 0 _aspa
100 1 _aLópez, Jacinto
_d1864-
245 1 4 _aLos tratados de límites y la paz internacional Americana el tratado secreto de 1922 entre Colombia y el Perú
_cJacinto López
260 _aBogotá (Colombia)
_bEscuela Tip. Saleciana
_c1922-1930
300 _a41 páginas
650 0 4 _aTratado Salomón-Lozano
_1922
651 7 _aColombia
_xLimites
_zPerú
_926606
651 7 _aPerú
_xLimites
_zColombia
_926683
942 _cLIBRO
_a8
_e1
_mL864
_2DEWEY
_h341.42
999 _c62460
_d62460